[Event "Mittelrhein Verbandsliga West 1920"]
[Site "Mittelrhein"]
[Date "2019.10.27"]
[Round "2.5"]
[White "Kart, Boris"]
[Black "Schmidt, Lysander"]
[Result "1/2-1/2"]
[WhiteElo "1829"]
[BlackElo "1877"]
[PlyCount "106"]
[EventDate "2019.09.29"]
[EventType "team-tourn"]
[EventRounds "9"]
[EventCountry "GER"]
[SourceTitle "EXT 2023"]
[Source "ChessBase"]
[SourceDate "2022.10.05"]
[SourceVersion "1"]
[SourceVersionDate "2022.10.05"]
[SourceQuality "1"]
[WhiteTeam "Bruehl II"]
[BlackTeam "Lendersdorf"]
[WhiteTeamCountry "GER"]
[BlackTeamCountry "GER"]

1. e4 c5 2. Nf3 e6 3. d4 cxd4 4. Nxd4 a6 5. Nc3 Qc7 6. a3 Nf6 7. Be3 Be7 8. Qd2 b5 9. Be2 b4 10. axb4 Bxb4 11. Ndb5 Qc6 12. Qd4 Bxc3+ 13. Nxc3 Qb7 14. b3 0-0 15. Bg5 Nc6 16. Qd2 Ne8 17. 0-0 d6 18. f4 f6 19. Bh4 Kh8 20. Rf3 e5 21. f5 Nd4 22. Rh3 Nxe2+ 23. Qxe2 g5 24. Bf2 Qf7 25. Nd5 Bxf5 26. exf5 Qxd5 27. c4 Qb7 28. Rd1 Rd8 29. Rhd3 Rf7 30. Qd2 Rfd7 31. Qa5 Rb8 32. Bc5 Qc6 33. Qa3 Rbd8 34. Bf2 Kg7 35. h3 Kg8 36. Qa5 Kg7 37. Bb6 Rb8 38. c5 Ra8 39. Qc3 d5 40. b4 d4 41. Qc4 Nc7 42. Bxc7 Rxc7 43. Ra1 Rb7 44. Rda3 Qb5 45. Qe6 Qxb4 46. Rxa6 Rxa6 47. Rxa6 Rf7 48. c6 Qc5 49. Ra8 d3+ 50. Kh2 d2 51. Rd8 Qc2 52. Qe8 Qxf5 53. Qg8+ Kh6 1/2-1/2